Costa Rica: democracia desarmada

Saved in:
Bibliographic Details
Corporate Author: Costa Rica. Presidencia de la República. Secretaría de Información y Comunicación
Format: Text
Published: San José: Imprenta Nacional
Tags: Add Tag
No Tags, Be the first to tag this record!

MARC

LEADER 00000 a a2200000 04500
001 24086
003
040
090 |a 167800  
110 |a Costa Rica. Presidencia de la República. Secretaría de Información y Comunicación  
245 |a Costa Rica: democracia desarmada  
260 |a San José:   |b Imprenta Nacional  
300 |a 59 p.   |b **no definido**   |b fonodiscos   |b map.  
999 |c 13306  |d 13306